| 000 | 01829nam a22002297a 4500 | ||
|---|---|---|---|
| 999 |
_c61223 _d61223 |
||
| 003 | Ge_BSU | ||
| 005 | 20240109132114.0 | ||
| 008 | 240109s2001 ge ||||| |||| 00| 0 geo d | ||
| 020 | _a9992865733 | ||
| 041 | _ageo | ||
| 080 | _a821.124.09 მ-59 | ||
| 245 |
_aΜεταβοΐα = [მეტავოია] : _bეძღვნება გრიგოლ წერეთლის დაბადებიდან 130 წლისთავს / _c[რედ.: რისმაგ გორდეზიანი, თამარ ჯაფარიძე]; ივანე ჯავახიშვილის სახელობის თბილისის სახელმწიფო უნივერსიტეტი; კლასიკური ფილოლოგიის, ბიზანტისტიკისა და ნეოგრეცისტიკის ინსტიტუტი. |
||
| 264 |
_aთბილისი : _b"ლოგოსი", _c2001. |
||
| 300 |
_a336 გვ. ; _b20 სმ. |
||
| 440 |
_aპროგრამა "ლოგოსი" : პუბლიკაციები და ღონისძიებები კლასიკური ფილოლოგიის, ბიზანტინისტიკისა და ნეოგრეცისტიკის სფეროში _93642 |
||
| 653 | _aწერეთელი, გრიგოლ. | ||
| 653 | _aქართველი აღმოსავლეთმცოდნეები. | ||
| 653 | _aქართველი ენათმეცნიერები. | ||
| 700 |
_aგორდეზიანი, რისმაგ _eრედაქტორი _920972 |
||
| 700 |
_aჯაფარიძე, თამარ _eრედაქტორი _920973 |
||
| 942 |
_2udc _cᲬᲘᲒᲜᲘ |
||